| 000 | 00829nas a2200277 4500 | ||
|---|---|---|---|
| 001 | BR0804983 | ||
| 003 | BR-BrBNA | ||
| 005 | 20231205111858.0 | ||
| 007 | ta | ||
| 008 | 230509b bl.|||p| |||| 00| 00por d | ||
| 040 |
_aBR-BrBNA _bpor _cBiblioteca Nacional de Agricultura |
||
| 041 | _a(Pt) | ||
| 072 | _aL53 | ||
| 100 | 1 | _aMoya, C.F. | |
| 100 | 1 | _aPapa, F.O. | |
| 100 | 1 | _aAraújo, G.H.M. | |
| 100 | 1 | _aRocha Filho, A.N. | |
| 100 | 1 | _aDell'aqua Júnior, J.A. | |
| 245 | 1 | _aTail stump defect in a Nelore (Bos taurus indicus)breed bull | |
| 650 | _aESPERMATOZÓIDE | ||
| 650 | _aTOURO | ||
| 650 | _aGADO NELORE | ||
| 773 | 0 |
_tRevista Brasileira de Reprodução Animal (Brazil) _xISSN 0102-0803 _g(Oct-Nov 2004), v. 28(4) p. 206-209 _wBR0804983 |
|
| 909 |
_a202311 _bLúcia _c55 _dLúcia Elande |
||
| 942 |
_2AGRIS _n0 _cANA |
||
| 999 |
_c194929 _d194929 |
||